00546nam a2200205Ia 450000500170000000800410001702000150005808200160007310000130008924500140010226000280011630000200014465000210016465000100018565000110019565000150020694200060022195200980022799900150032520240814020611.0240331s9999 xx 000 0 und d a041511053X bMILa401.41 aMills, S 0aDiscourse aLondonbRoutledgec1997 aviii, 177 p ., aCultural studies aWomen aSocial aPsychology cL 001040708LaWERCLbWERCLcSSCd2024-03-31l0o 401.41 MILp2689r2024-03-31w2024-03-31yL c2994d2994